Laboratory Manual of Pharmaceutical Organic Chemistry (Record no. 11078)

MARC details
000 -LEADER
fixed length control field 00470nam a22001817a 4500
003 - CONTROL NUMBER IDENTIFIER
control field OSt
008 - FIXED-LENGTH DATA ELEMENTS--GENERAL INFORMATION
fixed length control field 220208b ||||| |||| 00| 0 eng d
082 ## - DEWEY DECIMAL CLASSIFICATION NUMBER
Classification number 615.19 TIL
100 ## - MAIN ENTRY--PERSONAL NAME
Personal name Tiwari, Abhishak
245 ## - TITLE STATEMENT
Title Laboratory Manual of Pharmaceutical Organic Chemistry
250 ## - EDITION STATEMENT
Edition statement 5th
260 ## - PUBLICATION, DISTRIBUTION, ETC. (IMPRINT)
Place of publication, distribution, etc New Delhi
Name of publisher, distributor, etc Nirali
Date of publication, distribution, etc 2020
300 ## - PHYSICAL DESCRIPTION
Extent Misc
650 ## - SUBJECT ADDED ENTRY--TOPICAL TERM
Topical term or geographic name as entry element Pharmaceutical Organic Chemistry
700 ## - ADDED ENTRY--PERSONAL NAME
Personal name Anita Singh
700 ## - ADDED ENTRY--PERSONAL NAME
Personal name Upmanyu & Tewari
942 ## - ADDED ENTRY ELEMENTS (KOHA)
Source of classification or shelving scheme Dewey Decimal Classification
Koha item type Text Books
Holdings
Withdrawn status Lost status Source of classification or shelving scheme Damaged status Not for loan Collection code Home library Current library Date acquired Source of acquisition Currency Cost, normal purchase price Bill Number Total Checkouts Full call number Acc. no. / Barcode Date last seen Date last borrowed Actual Cost, discounted price Bill Date Koha item type
    Dewey Decimal Classification     B.Pharma PIET C-LIBRARY PIET C-LIBRARY 25/01/2022 Kirti Prakashan Indian Rup 150.00 IN3337 1 615.19 TIL BP1749 24/08/2024 15/02/2024 112.50 25/01/2022 Text Books
    Dewey Decimal Classification     B.Pharma PIET C-LIBRARY PIET C-LIBRARY 25/01/2022 Kirti Prakashan Indian Rup 150.00 IN3337 1 615.19 TIL BP1750 19/12/2025 10/12/2025 112.50 25/01/2022 Text Books
    Dewey Decimal Classification     B.Pharma PIET C-LIBRARY PIET C-LIBRARY 25/01/2022 Kirti Prakashan Indian Rup 150.00 IN3337 1 615.19 TIL BP1751 13/11/2025 29/10/2025 112.50 25/01/2022 Text Books
    Dewey Decimal Classification     B.Pharma PIET C-LIBRARY PIET C-LIBRARY 25/01/2022 Kirti Prakashan Indian Rup 150.00 IN3337 1 615.19 TIL BP1752 18/04/2023 17/04/2023 112.50 25/01/2022 Text Books
    Dewey Decimal Classification     B.Pharma PIET C-LIBRARY PIET C-LIBRARY 25/01/2022 Kirti Prakashan Indian Rup 150.00 IN3337 2 615.19 TIL BP1753 07/04/2026 03/11/2025 112.50 25/01/2022 Text Books

Design & Developed by: PIET Central Library
R70 Miles Stone Pattikalyana Samalkha Panipat 132102
mail ID :- [email protected], Phone No:- 0180-2569700 Ex.216